Giáo trình lý thuyết và thực hành Oracle (lập trình) /

Bewaard in:
Bibliografische gegevens
Andere auteurs: Hữu Đức, Hoàng Đức Hải, Trần Tiến Dũng
Formaat: Sách giấy
Taal:Vietnamese
Gepubliceerd in: Hà Nội : Giáo dục , 2000
Onderwerpen:
Tags: Voeg label toe
Geen labels, Wees de eerste die dit record labelt!
Thư viện lưu trữ: Thư viện Trường Đại học Đà Lạt
LEADER 00760nam a2200277 4500
001 DLU020018730
005 ##10/2/2001
020 # # |a 978- 
041 # # |a vie 
082 # # |a 005.756 5  |b Gia 
245 # # |a Giáo trình lý thuyết và thực hành Oracle (lập trình) /  |c Trần Tiến Dũng, Hoàng Đức Hải, Hữu Đức, ...  
260 # # |a Hà Nội :  |b Giáo dục ,  |c 2000 
300 # # |a 877 tr.;   |c 24 cm. 
650 # # |a Oracle (Tệp máy tính)  |v Giáo trình. 
700 # # |a Hữu Đức 
700 # # |a Hoàng Đức Hải 
700 # # |a Trần Tiến Dũng 
992 # # |a 118000 
994 # # |a DLU 
900 # # |a False 
911 # # |a Administrator 
925 # # |a G 
926 # # |a A 
927 # # |a SH 
980 # # |a Thư viện Trường Đại học Đà Lạt